| 000 | 00370nam a2200169Ia 4500 | ||
|---|---|---|---|
| 100 | _aTafazolli/Rahim | ||
| 650 | _aWireless | ||
| 942 | _cRB | ||
| 366 | _f20 | ||
| 654 | _awireless | ||
| 245 | _aTechnologies for the wireless future | ||
| 260 |
_bJohn Wiley & Sons _c2013 |
||
| 082 |
_a384.5 _bTAF |
||
| 300 | _a404 | ||
| 546 |
_aENGLISH _cPAMPHALETS |
||
| 999 |
_c19593 _d19593 |
||